[Event "Teplice op 8th"]
[Site "Teplice"]
[Date "2013.06.21"]
[Round "7"]
[White "Safr, Jan Sr"]
[Black "Huba, Mark J"]
[Result "0-1"]
[WhiteElo "1583"]
[BlackElo "1779"]
[PlyCount "54"]
[EventDate "2013.06.15"]
[EventType "swiss"]
[EventRounds "9"]
[EventCountry "CZE"]
[SourceTitle "CBM 155 Extra"]
[Source "ChessBase"]
[SourceDate "2013.08.26"]
[SourceVersion "1"]
[SourceVersionDate "2013.08.26"]
[SourceQuality "1"]

1. Nf3 d5 2. c4 c6 3. g3 Bg4 4. Bg2 Nf6 5. 0-0 Nbd7 6. b3 e6 7. Bb2 Be7 8. d3 0-0 9. Nbd2 Qc7 10. Qc2 Rfe8 11. Rfe1 Rac8 12. Rac1 a6 13. cxd5 exd5 14. Qc3 Rf8 15. e4 Bxf3 16. Bxf3 dxe4 17. Rxe4 Nb6 18. Rce1 Nbd5 19. Qc1 Nxe4 20. Rxe4 Nb4 21. Bxg7 Kxg7 22. Rg4+ Kh8 23. Ne4 Nd5 24. Qh6 Rg8 25. Ng5 Bxg5 26. Rxg5 Rxg5 27. Qxg5 f6 0-1

[Event "Teplice op 7th"]
[Site "Teplice"]
[Date "2012.06.24"]
[Round "9"]
[White "Purkyt, Jaroslav"]
[Black "Safr, Jan Sr"]
[Result "0-1"]
[WhiteElo "1789"]
[BlackElo "1579"]
[PlyCount "90"]
[EventDate "2012.06.16"]
[EventType "swiss"]
[EventRounds "9"]
[EventCountry "CZE"]
[SourceTitle "CBM 149 Extra"]
[Source "ChessBase"]
[SourceDate "2012.08.24"]
[SourceVersion "1"]
[SourceVersionDate "2012.08.24"]
[SourceQuality "1"]

1. c4 b6 2. d3 Bb7 3. Nd2 Nf6 4. Ngf3 c5 5. g3 d5 6. cxd5 Nxd5 7. Bg2 Qc7 8. a3 g6 9. e3 Bg7 10. Rb1 Nd7 11. h4 0-0-0 12. Ne4 h6 13. Qc2 f5 14. Nc3 Nxc3 15. bxc3 Bc6 16. 0-0 Qb7 17. Ne1 Bxg2 18. Nxg2 Kb8 19. e4 Ne5 20. Bf4 g5 21. Bxe5+ Bxe5 22. f4 gxf4 23. Nxf4 Rhg8 24. Kh2 fxe4 25. dxe4 c4 26. Rf3 Bxf4 27. gxf4 Qa6 28. a4 Rd3 29. Rbf1 Rgd8 30. R1f2 Qb7 31. Qe2 Qd7 32. Rxd3 cxd3 33. Qd1 Qc6 34. Qe1 Qxa4 35. f5 Qc4 36. Rg2 a5 37. Kh3 a4 38. Rb2 Ka7 39. Rb4 d2 40. Qxd2 Rd3+ 41. Kg4 Qg8+ 42. Qg5 hxg5 43. Rxa4+ Kb7 44. hxg5 Rxc3 45. Kf4 Rc4 0-1

[Event "Teplice op 7th"]
[Site "Teplice"]
[Date "2012.06.16"]
[Round "1"]
[White "Palas, Ales"]
[Black "Safr, Jan Sr"]
[Result "1-0"]
[WhiteElo "2057"]
[BlackElo "1579"]
[PlyCount "41"]
[EventDate "2012.06.16"]
[EventType "swiss"]
[EventRounds "9"]
[EventCountry "CZE"]
[SourceTitle "CBM 149 Extra"]
[Source "ChessBase"]
[SourceDate "2012.08.24"]
[SourceVersion "1"]
[SourceVersionDate "2012.08.24"]
[SourceQuality "1"]

1. e4 d6 2. d4 Nf6 3. Nc3 g6 4. Be3 Bg7 5. Qd2 Ng4 6. Bg5 f6 7. Bh4 0-0 8. h3 Nh6 9. f4 Nf7 10. Nf3 c6 11. Bc4 Nd7 12. 0-0 Qc7 13. Bb3 a6 14. Rab1 e5 15. fxe5 fxe5 16. Ng5 Nf6 17. dxe5 dxe5 18. Nxf7 Rxf7 19. Bxf6 Bxh3 20. gxh3 Raf8 21. Bxg7 1-0

[Event "Teplice op 6th"]
[Site "Teplice"]
[Date "2011.06.13"]
[Round "3"]
[White "Hruby, Vaclav"]
[Black "Safr, Jan Sr"]
[Result "1-0"]
[WhiteElo "1777"]
[BlackElo "1592"]
[PlyCount "93"]
[EventDate "2011.06.11"]
[EventType "swiss"]
[EventRounds "9"]
[EventCountry "CZE"]
[SourceTitle "CBM 142 Extra"]
[Source "ChessBase"]
[SourceDate "2011.06.27"]
[SourceVersion "1"]
[SourceVersionDate "2011.06.27"]
[SourceQuality "1"]

1. Nf3 c5 2. b3 Nf6 3. Bb2 e6 4. e3 b6 5. Be2 Bb7 6. d3 g6 7. Nbd2 Bg7 8. Nc4 d5 9. Nce5 0-0 10. h3 Nbd7 11. Nxd7 Qxd7 12. 0-0 Rfe8 13. a4 Rad8 14. d4 Qc7 15. dxc5 bxc5 16. Be5 Qc8 17. Ra2 Qa8 18. Qa1 Nh5 19. Bxg7 Nxg7 20. Bb5 Rf8 21. Be2 d4 22. exd4 cxd4 23. Rd1 e5 24. Ne1 f5 25. f4 Rfe8 26. fxe5 Rxe5 27. Bf3 Ne6 28. Bxb7 Qxb7 29. Nf3 Re2 30. c4 d3 31. Rxe2 Qb6+ 32. Kh2 dxe2 33. Rxd8+ Qxd8 34. Qe5 Qb6 35. Qxe2 Kf7 36. Qd3 Nc5 37. Qd5+ Ne6 38. Ng5+ Ke7 39. Qxe6+ Qxe6 40. Nxe6 Kxe6 41. b4 Kd6 42. Kg3 g5 43. Kf3 a6 44. a5 Kc6 45. Ke3 h6 46. Kd4 g4 47. Ke5 1-0

[Event "Teplice op 6th"]
[Site "Teplice"]
[Date "2011.06.12"]
[Round "2"]
[White "Safr, Jan Sr"]
[Black "Maltsev, Leonid"]
[Result "0-1"]
[WhiteElo "1592"]
[BlackElo "1874"]
[PlyCount "54"]
[EventDate "2011.06.11"]
[EventType "swiss"]
[EventRounds "9"]
[EventCountry "CZE"]
[SourceTitle "CBM 142 Extra"]
[Source "ChessBase"]
[SourceDate "2011.06.27"]
[SourceVersion "1"]
[SourceVersionDate "2011.06.27"]
[SourceQuality "1"]

1. Nf3 f5 2. c4 Nf6 3. b3 g6 4. Bb2 Bg7 5. g3 0-0 6. Bg2 d6 7. d3 e5 8. Nbd2 h6 9. Qc2 Nc6 10. a3 a5 11. 0-0 g5 12. e3 Qe8 13. e4 f4 14. Rad1 Nh7 15. Qb1 Bf6 16. Qa1 g4 17. Ne1 f3 18. Ndxf3 gxf3 19. Nxf3 Bg4 20. Rd2 Bxf3 21. Bxf3 Bg5 22. Bh5 Qxh5 23. f4 Bf6 24. fxe5 Bxe5 25. d4 Bg7 26. Rg2 Rxf1+ 27. Qxf1 Nxd4 0-1

[Event "Teplice op 5th"]
[Site "Teplice"]
[Date "2010.06.19"]
[Round "8"]
[White "Safr, Jan Sr"]
[Black "Milfort, Vaclav"]
[Result "1/2-1/2"]
[WhiteElo "1582"]
[BlackElo "1656"]
[PlyCount "120"]
[EventDate "2010.06.12"]
[EventType "swiss"]
[EventRounds "9"]
[EventCountry "CZE"]
[SourceTitle "CBM 136 Extra"]
[Source "ChessBase"]
[SourceDate "2010.07.02"]
[SourceVersion "2"]
[SourceVersionDate "2010.07.15"]
[SourceQuality "1"]

1. Nf3 c5 2. c4 Nc6 3. b3 Nf6 4. Bb2 e6 5. g3 Be7 6. Bg2 Qc7 7. d4 cxd4 8. Nxd4 Nxd4 9. Qxd4 Bc5 10. Qc3 Qb6 11. 0-0 d6 12. Nd2 e5 13. e3 Bd7 14. a3 Qc7 15. Kh1 Bc6 16. f3 a6 17. Rad1 Rd8 18. b4 Ba7 19. Nb3 Ba4 20. Rc1 Bxb3 21. Qxb3 0-0 22. f4 Ng4 23. Rce1 Rc8 24. c5 dxc5 25. Qd1 Nf6 26. fxe5 Nd7 27. Rf5 cxb4 28. axb4 Nb6 29. Bd4 Qc2 30. Qg4 g6 31. Be4 Qd2 32. Re2 Rc1+ 33. Kg2 Qd1 34. Kh3 Rd8 35. Ref2 Qxg4+ 36. Kxg4 gxf5+ 37. Rxf5 Rxd4 38. exd4 Re1 39. Bxb7 Nc4 40. Rf4 a5 41. bxa5 Nxa5 42. Bd5 Rd1 43. Bxf7+ Kg7 44. d5 Rd4 45. Rxd4 Bxd4 46. e6 Bc5 47. h4 Nb7 48. Be8 Nd8 49. Kf5 Bd6 50. g4 h6 51. g5 hxg5 52. hxg5 Nb7 53. g6 Nc5 54. Kg4 Ne4 55. Kf5 Ng3+ 56. Kg4 Ne4 57. Kf3 Nc5 58. Bc6 Kxg6 59. Ke3 Kf5 60. Kd4 Kf4 1/2-1/2

[Event "Teplice op 5th"]
[Site "Teplice"]
[Date "2010.06.17"]
[Round "6"]
[White "Mriso, Milos"]
[Black "Safr, Jan Sr"]
[Result "0-1"]
[WhiteElo "1855"]
[BlackElo "1582"]
[PlyCount "92"]
[EventDate "2010.06.12"]
[EventType "swiss"]
[EventRounds "9"]
[EventCountry "CZE"]
[SourceTitle "CBM 136 Extra"]
[Source "ChessBase"]
[SourceDate "2010.07.02"]
[SourceVersion "2"]
[SourceVersionDate "2010.07.15"]
[SourceQuality "1"]

1. d4 Nf6 2. Nf3 c5 3. d5 d6 4. c4 g6 5. Nc3 Bg7 6. g3 Bd7 7. Bg2 Na6 8. a3 Nc7 9. Qc2 b5 10. Nd2 Qc8 11. Rb1 bxc4 12. Nxc4 Bh3 13. 0-0 Bxg2 14. Kxg2 Nfxd5 15. Nxd5 Nxd5 16. Qe4 Qe6 17. Qd3 0-0 18. e4 Nb6 19. Ne3 Rab8 20. b3 Bd4 21. Bb2 Bxe3 22. Qxe3 Nd7 23. Ba1 f6 24. f4 a6 25. h3 c4 26. b4 Rfd8 27. Qd4 Nb6 28. g4 h6 29. Kg3 Qf7 30. g5 e5 31. Qe3 hxg5 32. fxe5 dxe5 33. Qf2 Rd3+ 34. Kh2 Rbd8 35. Qxb6 Rd2+ 36. Rf2 R8d6 37. Qc5 Rxf2+ 38. Qxf2 Qd7 39. Bc3 Rd3 40. Rc1 Qxh3+ 41. Kg1 Rg3+ 42. Qxg3 Qxg3+ 43. Kf1 Qf4+ 44. Ke2 Qxc1 45. Bd2 Qc2 46. Ke1 Qxe4+ 0-1

[Event "Teplice op 5th"]
[Site "Teplice"]
[Date "2010.06.13"]
[Round "2"]
[White "Purkyt, Jaroslav"]
[Black "Safr, Jan Sr"]
[Result "1-0"]
[WhiteElo "1846"]
[BlackElo "1582"]
[PlyCount "45"]
[EventDate "2010.06.12"]
[EventType "swiss"]
[EventRounds "9"]
[EventCountry "CZE"]
[SourceTitle "CBM 136 Extra"]
[Source "ChessBase"]
[SourceDate "2010.07.02"]
[SourceVersion "2"]
[SourceVersionDate "2010.07.15"]
[SourceQuality "1"]

1. d4 d5 2. Nf3 c5 3. e3 g6 4. Be2 Bg7 5. 0-0 cxd4 6. exd4 Nc6 7. c3 Nf6 8. Nbd2 0-0 9. Re1 Bf5 10. Nf1 Qc7 11. Ng3 Be4 12. Bd3 e5 13. dxe5 Nxe5 14. Nxe5 Qxe5 15. f3 Rad8 16. fxe4 dxe4 17. Nxe4 Qd5 18. Nxf6+ Bxf6 19. Re3 Rd6 20. Rf3 Rfd8 21. Bf4 Be5 22. Bxe5 Qxe5 23. Qe2 1-0